Η ελληνική οικονομία και η απασχόληση : ετήσια έκθεση 2000
Αποθηκεύτηκε σε:
| Συγγραφή απο Οργανισμό/Αρχή: | |
|---|---|
| Μορφή: | Πρακτικό Συνεδρίου Βιβλίο |
| Γλώσσα: | Greek |
| Δημοσίευση: |
Αθήνα :
ΙΝΕ Ινστιτούτο Εργασίας ΓΣΕΕ-ΑΔΕΔΥ,
2000.
|
| Σειρά: | Εκθέσεις (Κέντρο Προγραμματισμού και Οικονομικών Ερευνών)
; 2 |
| Θέματα: | |
| Ετικέτες: |
Προσθήκη ετικέτας
Δεν υπάρχουν, Καταχωρήστε ετικέτα πρώτοι!
|
MARC
| LEADER | 00000cam a2200000 i 4500 | ||
|---|---|---|---|
| 001 | 1/17968 | ||
| 008 | 010307s2000 gr | ||| |||| ||gre|| | ||
| 022 | |a 11087765 | ||
| 035 | |l 10066325 | ||
| 040 | |a GR-MyUA |b gre |e AACR2 | ||
| 041 | 0 | |a gre | |
| 082 | 0 | |a 330.9495 | |
| 111 | 2 | |a Ινστιτούτο Εργασίας ΓΣΕΕ-ΑΔΕΔΥ. | |
| 245 | 1 | 2 | |a Η ελληνική οικονομία και η απασχόληση : |b ετήσια έκθεση 2000 / |c ΙΝΕ Ινστιτούτο Εργασίας ΓΣΕΕ-ΑΔΕΔΥ. |
| 260 | |a Αθήνα : |b ΙΝΕ Ινστιτούτο Εργασίας ΓΣΕΕ-ΑΔΕΔΥ, |c 2000. | ||
| 300 | |a 157 σ. ; |c 27 εκ. | ||
| 490 | 1 | |a (Εκθέσεις (Κέντρο Προγραμματισμού και Οικονομικών Ερευνών) |v ; 2) | |
| 650 | 0 | 0 | |a Employment (Economic theory) |
| 650 | 0 | 0 | |a Unemployment |z Greece. |
| 651 | 0 | |a Greece |x Economic conditions. | |
| 830 | 0 | |a Εκθέσεις (Κέντρο Προγραμματισμού και Οικονομικών Ερευνών) |v ; 2 | |
| 852 | |a INST |b CHIOS |e 20010919 |h 330.9495 ΙΝΕ |p 005200020967 |q 005200020967 |t BK |y 0 | ||
| 852 | |a INST |b LESVOS |e 20010307 |h 330.9495 ΙΝΕ |p 005100029105 |q 005100029105 |t BK |y 0 | ||
| 852 | |a INST |b RHODES |e 20010427 |h 330.9495 ΙΝΕ |p 005400016936 |q 005400016936 |t BK |y 0 | ||
| 852 | |a INST |b SAMOS |e 20010702 |h 330.9495 ΙΝΕ |p 005300020714 |q 005300020714 |t BK |y 0 | ||
| 901 | |a BIBL3-2001-2 | ||
| 901 | |a BIBL1-2001-1 | ||
| 901 | |a BIBL4-2001-1 | ||
| 901 | |a BIBL2-2001-3 | ||
| 909 | |a Σ |b 086702 | ||
| 909 | |a Λ |b 086913 | ||
| 909 | |a Ρ |b 085053 | ||
| 909 | |a Χ |b 083979 | ||
| 970 | |a ΤΖΑΦΕΡΗ |b ΕΥΑΓΓΕΛΙΑ |z 2001/03/07 | ||